[Event "ICS rated blitz match"]
[Site "204.178.125.65"]
[Date "2001.10.06"]
[Round "?"]
[White "Saitek"]
[Black "Hossa"]
[Result "1/2-1/2"]
[WhiteElo "2723"]
[BlackElo "2580"]
[PlyCount "117"]
[EventDate "2001.??.??"]

1. Nf3 Nf6 2. c4 e6 3. Nc3 d5 4. d4 c6 5. Bg5 h6 6. Bxf6 Qxf6 7. g3 dxc4 8. Ne5
Bb4 9. Bg2 Nd7 10. Nxc4 O-O 11. O-O Nb6 12. Ne4 Qd8 13. Ne5 Nd7 14. Qb3 Be7 15.
Nd3 Qc7 16. Rac1 Nf6 17. Ne5 Nxe4 18. Bxe4 Bf6 19. f4 Bd7 20. Bb1 Bxe5 21. fxe5
Qb6 22. Qd3 g6 23. Rc3 Qd8 24. Qd2 Qg5 25. Qxg5 hxg5 26. h3 Rad8 27. Kg2 Kg7
28. Rf6 c5 29. Rxc5 Bc6+ 30. Kh2 Rxd4 31. Bd3 Rd5 32. Rxd5 exd5 33. b4 Re8 34.
b5 Rxe5 35. Rd6 Be8 36. Rd8 b6 37. Kg2 f5 38. Kf3 Kf7 39. h4 gxh4 40. gxh4 Kf6
41. Kf4 Bf7 42. Rd6+ Re6 43. Rxd5 Rxe2 44. Rxf5+ gxf5 45. Bxe2 Bxa2 46. Bd3 Be6
47. Be2 Bb3 48. Bd3 Ba4 49. Be2 Bc2 50. h5 Bb3 51. Bf3 Bc4 52. Bc6 a5 53. bxa6
Bxa6 54. h6 Kg6 55. h7 Kxh7 56. Kxf5 Kg8 57. Ke6 Kf8 58. Kd6 b5 59. Bxb5 {
Game drawn because neither player has mating material} 1/2-1/2

[Event "ICS rated blitz match"]
[Site "204.178.125.65"]
[Date "2001.10.06"]
[Round "?"]
[White "antonio444"]
[Black "Hossa"]
[Result "0-1"]
[WhiteElo "2288"]
[BlackElo "2586"]
[PlyCount "128"]
[EventDate "2001.??.??"]

1. d4 f5 2. c4 Nf6 3. Nf3 e6 4. g3 Bb4+ 5. Bd2 Nc6 6. Bg2 Bxd2+ 7. Nbxd2 O-O 8.
O-O d6 9. a3 Bd7 10. b4 Qe8 11. Qb3 Qh5 12. b5 Nd8 13. a4 Nf7 14. c5 f4 15. Qc2
Nd5 16. Nc4 fxg3 17. hxg3 Nb4 18. Qb3 dxc5 19. dxc5 Qxc5 20. Rac1 Bc8 21. Ne3
Qe7 22. Nd4 a5 23. bxa6 Rxa6 24. Nb5 c6 25. Nc3 Nd5 26. Ncxd5 exd5 27. Rfe1 Qf6
28. Rf1 Qe5 29. Qc2 d4 30. Nc4 Qf6 31. Ra1 Ng5 32. Nd2 Nh3+ 33. Kh2 Qh6 34. Ne4
Nf4+ 35. Kg1 Nxg2 36. Kxg2 Bh3+ 37. Kg1 Bxf1 38. Rxf1 Ra5 39. g4 Qh3 40. Ng3
Qxg4 41. Qe4 Qxe4 42. Nxe4 Re8 43. Ng3 Rxa4 44. Rd1 b5 45. Rd2 c5 46. Rd1 h5
47. Rc1 Rc4 48. Rb1 h4 49. Nf1 b4 50. Rb2 Rc1 51. Kg2 h3+ 52. Kg1 Re6 53. Kh2
Rxf1 54. Kxh3 Rg1 55. Kh2 Rg5 56. Rb3 Rh6+ 57. Rh3 Rxh3+ 58. Kxh3 c4 59. f4 Rg6
60. Kh4 c3 61. f5 Rg1 62. Kh3 c2 63. Kh2 c1=Q 64. Kh3 Qh6# {
antonio444 checkmated} 0-1

[Event "ICS rated standard match"]
[Site "204.178.125.65"]
[Date "2001.10.06"]
[Round "?"]
[White "Hossa"]
[Black "diep"]
[Result "0-1"]
[WhiteElo "2314"]
[BlackElo "2410"]
[PlyCount "95"]
[EventDate "2001.??.??"]

1. e4 c5 2. Nf3 d6 3. d4 cxd4 4. Nxd4 Nf6 5. Nc3 a6 6. Be3 Ng4 7. Bg5 h6 8. Bh4
g5 9. Bg3 Bg7 10. Be2 h5 11. Bxg4 Bxg4 12. f3 Bd7 13. Bf2 Nc6 14. Qd2 Ne5 15.
b3 g4 16. f4 Nc6 17. Nd5 O-O 18. O-O-O e6 19. Nxc6 Bxc6 20. Nb6 Bxe4 21. Nxa8
Qxa8 22. Qxd6 b5 23. Qe7 Bxc2 24. Kxc2 Rc8+ 25. Bc5 Qxg2+ 26. Kd3 Qf3+ 27. Kd2
Qxf4+ 28. Be3 Bc3+ 29. Kd3 Qf5+ 30. Ke2 Qf3+ 31. Kd3 Qd5+ 32. Ke2 Qg2+ 33. Kd3
Bf6 34. Rc1 Bxe7 35. Rxc8+ Kg7 36. Rcc1 f5 37. Rhf1 Qxa2 38. Rf2 Qxb3+ 39. Rc3
Qd5+ 40. Kc2 Bb4 41. Rb3 Be1 42. Re2 Qc4+ 43. Kd1 Qxb3+ 44. Kxe1 Qb1+ 45. Kd2
e5 46. Ba7 f4 47. Bb8 Qb4+ 48. Kd1 {Hossa resigns} 0-1

[Event "ICS rated blitz match"]
[Site "204.178.125.65"]
[Date "2001.10.06"]
[Round "?"]
[White "TacticalFish"]
[Black "Hossa"]
[Result "0-1"]
[WhiteElo "2023"]
[BlackElo "2591"]
[PlyCount "90"]
[EventDate "2001.??.??"]

1. e4 c5 2. Nf3 e6 3. Bb5 a6 4. Be2 Be7 5. d3 d6 6. O-O Nf6 7. Nc3 O-O 8. h3 d5
9. Nh2 Qc7 10. f4 dxe4 11. Nxe4 Nxe4 12. dxe4 b6 13. Bf3 Nc6 14. c3 e5 15. f5
Rd8 16. Qe1 Bd7 17. Ng4 f6 18. Qg3 Be8 19. Be3 Na5 20. b3 c4 21. b4 Nb7 22.
Rad1 Rd3 23. Rxd3 cxd3 24. Bd2 Qc4 25. Ra1 Nd6 26. Qe1 Bc6 27. Nf2 Rd8 28. Kh2
Ba4 29. a3 Qc6 30. Qe3 Nc4 31. Qe1 Bb3 32. Kg1 Bc2 33. Kh2 b5 34. Kg1 Rc8 35.
Kh2 Nxd2 36. Qxd2 Qxc3 37. Qxc3 Rxc3 38. Bd1 d2 39. Bxc2 Rxc2 40. Rd1 Ra2 41.
Kg3 Rxa3+ 42. Kh2 Bxb4 43. Kg1 Re3 44. Kf1 Re1+ 45. Rxe1 dxe1=Q# {
TacticalFish checkmated} 0-1

[Event "ICS rated blitz match"]
[Site "204.178.125.65"]
[Date "2001.10.06"]
[Round "?"]
[White "Hossa"]
[Black "sunny"]
[Result "1-0"]
[WhiteElo "2592"]
[BlackElo "2063"]
[PlyCount "26"]
[EventDate "2001.??.??"]

1. e4 c5 2. Nf3 g6 3. d4 Bg7 4. d5 Nf6 5. Nc3 O-O 6. Be2 d6 7. O-O a6 8. e5
dxe5 9. Nxe5 Nxd5 10. Qxd5 Qxd5 11. Nxd5 Bxe5 12. Nxe7+ Kg7 13. Bf3 Re8 {
sunny resigns} 1-0

[Event "ICS rated blitz match"]
[Site "204.178.125.65"]
[Date "2001.10.06"]
[Round "?"]
[White "sunny"]
[Black "Hossa"]
[Result "0-1"]
[WhiteElo "2062"]
[BlackElo "2593"]
[PlyCount "134"]
[EventDate "2001.??.??"]

1. d4 Nf6 2. c4 e6 3. Nf3 d5 4. Nc3 Nbd7 5. Bg5 c6 6. e3 Qa5 7. Nd2 dxc4 8.
Bxf6 Nxf6 9. Nxc4 Qc7 10. Be2 Be7 11. Rc1 O-O 12. O-O Nd5 13. Bf3 Nxc3 14. Rxc3
f6 15. Qb3 Bd7 16. e4 f5 17. exf5 Rxf5 18. Ne3 Rf4 19. d5 Rh4 20. g3 Rb4 21.
Qc2 Bf6 22. dxc6 bxc6 23. Rb3 Rxb3 24. axb3 g6 25. Rc1 Rc8 26. b4 Be5 27. Qc4
Bxb2 28. Rc2 Bg7 29. Bg4 Re8 30. Ng2 Qd6 31. Nf4 Be5 32. Nd3 Bd4 33. Re2 Qd5
34. Qc2 e5 35. Bxd7 Qxd7 36. Qa2+ Qf7 37. Qc2 Qf3 38. Ne1 Qd5 39. Qe4 Rf8 40.
Nd3 Kg7 41. Qxd5 cxd5 42. Nxe5 Re8 43. Rd2 Bxe5 44. Rxd5 Re7 45. Kg2 Kf6 46.
Ra5 Bc3 47. Ra6+ Ke5 48. b5 Bd4 49. f4+ Kd5 50. Kf3 Re3+ 51. Kg4 Rb3 52. Ra5
Kc4 53. h4 Bf2 54. Kg5 Rxb5+ 55. Rxb5 Kxb5 56. g4 a5 57. h5 a4 58. hxg6 hxg6
59. Kxg6 a3 60. f5 Bh4 61. g5 Bxg5 62. Kxg5 a2 63. f6 a1=Q 64. Kg6 Kc4 65. Kf7
Kd5 66. Ke7 Qa7+ 67. Kf8 Ke6 {sunny resigns} 0-1

[Event "ICS rated blitz match"]
[Site "204.178.125.65"]
[Date "2001.10.06"]
[Round "?"]
[White "Hossa"]
[Black "baldomero"]
[Result "1-0"]
[WhiteElo "2594"]
[BlackElo "2505"]
[PlyCount "51"]
[EventDate "2001.??.??"]

1. e4 e5 2. Nf3 Nc6 3. Bb5 a6 4. Bxc6 dxc6 5. O-O f6 6. d4 exd4 7. Nxd4 Bd6 8.
Be3 Bd7 9. Nd2 Qe7 10. a4 O-O-O 11. Qe2 c5 12. N4f3 Bc6 13. Qc4 Nh6 14. Bxh6
gxh6 15. Ra3 Rhg8 16. Rd1 h5 17. g3 Rg4 18. h3 Rgg8 19. Nh4 Be5 20. Nf5 Qd7 21.
Qxc5 Kb8 22. Qc4 Bxb2 23. Rd3 Qe8 24. Rxd8+ Qxd8 25. Qb4 Be5 26. Ne7 {
baldomero resigns} 1-0

[Event "ICS rated blitz match"]
[Site "204.178.125.65"]
[Date "2001.10.06"]
[Round "?"]
[White "frutilla"]
[Black "Hossa"]
[Result "0-1"]
[WhiteElo "2195"]
[BlackElo "2606"]
[PlyCount "56"]
[EventDate "2001.??.??"]

1. e4 e5 2. Nf3 Nc6 3. Bb5 a6 4. Bxc6 dxc6 5. O-O f6 6. d4 exd4 7. Qxd4 Qd6 8.
Be3 Bg4 9. Nbd2 Qxd4 10. Bxd4 O-O-O 11. Rfe1 h5 12. h3 Bd7 13. e5 Bf5 14. c3 c5
15. Be3 Re8 16. Bf4 Ne7 17. exf6 gxf6 18. Bg3 Bg7 19. Nb3 b6 20. a4 Bc2 21.
Nbd2 a5 22. Re2 Nd5 23. Ree1 Bh6 24. Nf1 Rhg8 25. h4 c6 26. Bd6 Rd8 27. Bh2 Rg4
28. Bg3 Bxa4 {frutilla resigns} 0-1

[Event "ICS rated blitz match"]
[Site "204.178.125.65"]
[Date "2001.10.06"]
[Round "?"]
[White "Hossa"]
[Black "TacticalFish"]
[Result "1-0"]
[WhiteElo "2609"]
[BlackElo "2022"]
[PlyCount "101"]
[EventDate "2001.??.??"]

1. e4 c6 2. d4 d5 3. e5 Bf5 4. h4 h6 5. g4 Bh7 6. Nc3 Qb6 7. f4 e6 8. Nf3 Nd7
9. Be2 c5 10. dxc5 Bxc5 11. Na4 Qa5+ 12. c3 Qc7 13. Nxc5 Qxc5 14. Qd4 a6 15.
Be3 Qxd4 16. Nxd4 Ne7 17. O-O-O O-O-O 18. Rhg1 Be4 19. f5 Nc6 20. fxe6 fxe6 21.
Nxe6 Rde8 22. Nxg7 Rxe5 23. Rg3 Re7 24. Nf5 Bxf5 25. gxf5 Rhe8 26. Kd2 Nf6 27.
Bd3 Ne4+ 28. Bxe4 Rxe4 29. Rh3 h5 30. f6 Ne5 31. Kc2 Ng4 32. Bd4 Re2+ 33. Kb3
Rf8 34. Rf3 Re6 35. Rf5 Kd7 36. Rxd5+ Kc6 37. Rc5+ Kd7 38. Be5+ Ke8 39. Rc8+
Kf7 40. Rd7+ Kg6 41. Rg7+ Kf5 42. Rg5+ Ke4 43. Rxf8 Rxe5 44. f7 Re7 45. Re8
Rxe8 46. fxe8=Q+ Kf3 47. Qxh5 Ke3 48. Qxg4 Kd2 49. Qf4+ Ke2 50. Rg2+ Kd1 51.
Qf1# {TacticalFish checkmated} 1-0

[Event "ICS rated standard match"]
[Site "204.178.125.65"]
[Date "2001.10.06"]
[Round "?"]
[White "diep"]
[Black "Hossa"]
[Result "1-0"]
[WhiteElo "2422"]
[BlackElo "2302"]
[PlyCount "166"]
[EventDate "2001.??.??"]

1. d4 Nf6 2. c4 e6 3. Nf3 d5 4. Nc3 Nbd7 5. Qc2 Be7 6. cxd5 exd5 7. e3 Nb6 8.
Bd2 O-O 9. Bd3 c6 10. O-O g6 11. b3 Re8 12. Ne5 Bd6 13. f4 Rb8 14. a3 Ng4 15.
b4 Qh4 16. h3 Nf6 17. b5 Bd7 18. bxc6 Bxc6 19. a4 Rbc8 20. a5 Nbd7 21. a6 Bb8
22. Qb3 Nb6 23. axb7 Bxb7 24. Nb5 Rcd8 25. Nxa7 Re6 26. f5 gxf5 27. Bxf5 Rde8
28. Bxe6 Rxe6 29. Ba5 Bc7 30. Rac1 Bxe5 31. Bxb6 Bg3 32. Bd8 Ba6 33. Nb5 Qh6
34. Rf3 Ne4 35. Rcf1 Re8 36. Qxd5 Qe6 37. Qxe4 Qxe4 38. Rxg3+ Kf8 39. Rxf7+
Kxf7 40. Nd6+ Kf8 41. Nxe4 Rxe4 42. Bg5 Bd3 43. Bh6+ Ke8 44. Rg8+ Kd7 45. Bg5
Re8 46. Rg7+ Ke6 47. Kf2 Be4 48. Kg3 Kf5 49. h4 Ke6 50. Kf4 Kd5 51. Be7 Bd3 52.
g4 Bg6 53. h5 Bd3 54. g5 Bb1 55. h6 Bd3 56. Bf6 Re4+ 57. Kf3 Rh4 58. Rd7+ Kc4
59. Rc7+ Kd5 60. Rc5+ Kd6 61. Be5+ Kd7 62. d5 Re4 63. d6 Rc4 64. Rxc4 Bxc4 65.
g6 Bg8 66. g7 Ke8 67. Ke4 Kd7 68. Kf5 Bb3 69. Bg3 Bc4 70. e4 Bb3 71. e5 Bc4 72.
Kf6 Bg8 73. e6+ Bxe6 74. g8=Q Bxg8 75. Kg7 Bd5 76. Kxh7 Ke6 77. Kg7 Be4 78. h7
Kd7 79. h8=Q Bg2 80. Qh4 Bf1 81. Qa4+ Bb5 82. Qxb5+ Ke6 83. Kf8 Kf6 {
Hossa resigns} 1-0

[Event "ICS rated blitz match"]
[Site "204.178.125.65"]
[Date "2001.10.06"]
[Round "?"]
[White "Hossa"]
[Black "BrutalForce"]
[Result "1-0"]
[WhiteElo "2583"]
[BlackElo "2585"]
[PlyCount "61"]
[EventDate "2001.??.??"]

1. e4 c5 2. Nf3 e6 3. d4 cxd4 4. Nxd4 Nf6 5. Nc3 Bb4 6. Ndb5 Nxe4 7. Qd4 Nxc3
8. bxc3 Bf8 9. Bf4 Na6 10. Nd6+ Bxd6 11. Bxd6 f6 12. Bxa6 bxa6 13. Qe4 Qa5 14.
O-O-O Qxc3 15. Qxa8 Qa1+ 16. Kd2 Qd4+ 17. Ke1 Qc3+ 18. Rd2 Qa1+ 19. Ke2 Qxh1
20. Qxc8+ Kf7 21. Qxh8 Qxg2 22. Qxh7 Qg4+ 23. Ke3 Qg5+ 24. f4 Qg1+ 25. Kd3 Qf1+
26. Kd4 Qg1+ 27. Kc4 Qf1+ 28. Rd3 Qb1 29. Qh5+ Kg8 30. Qe8+ Kh7 31. Rh3# {
BrutalForce checkmated} 1-0

[Event "ICS rated blitz match"]
[Site "204.178.125.65"]
[Date "2001.10.06"]
[Round "?"]
[White "astrogr"]
[Black "Hossa"]
[Result "0-1"]
[WhiteElo "2035"]
[BlackElo "2599"]
[PlyCount "54"]
[EventDate "2001.??.??"]

1. Nf3 Nf6 2. c4 b6 3. Nc3 c5 4. g3 g6 5. Bg2 Bb7 6. O-O Bg7 7. d3 O-O 8. Bd2
d6 9. Rb1 Nbd7 10. a3 a6 11. b4 Qc7 12. Qb3 Rab8 13. a4 cxb4 14. Qxb4 Bc6 15.
Qa3 Nc5 16. Rb2 e5 17. Rfb1 Nfd7 18. Ng5 Bxg2 19. Kxg2 Nf6 20. f3 h6 21. Nge4
Ncxe4 22. Nxe4 Nxe4 23. fxe4 f5 24. a5 fxe4 25. Rxb6 Rxb6 26. Rxb6 Qf7 27. Qc1
Qf2+ {astrogr resigns} 0-1

[Event "ICS rated blitz match"]
[Site "204.178.125.65"]
[Date "2001.10.06"]
[Round "?"]
[White "Hossa"]
[Black "RCJ"]
[Result "0-1"]
[WhiteElo "2600"]
[BlackElo "2648"]
[PlyCount "114"]
[EventDate "2001.??.??"]

1. e4 c5 2. Nf3 d6 3. Bb5+ Bd7 4. Bxd7+ Qxd7 5. O-O Nc6 6. Nc3 Nf6 7. d4 cxd4
8. Nxd4 g6 9. Nxc6 bxc6 10. Bg5 Bg7 11. Qd2 Qe6 12. f3 h6 13. Be3 a6 14. Na4
Nd7 15. c3 Rb8 16. b3 c5 17. Rab1 g5 18. Qe2 g4 19. Bf4 gxf3 20. Rxf3 Rb5 21.
Qc2 c4 22. b4 Rg8 23. Nb2 Nf6 24. Re3 Nh5 25. Rf1 Bf6 26. Qe2 Bg5 27. Bxg5
Rbxg5 28. Rf2 Nf6 29. h3 Rg3 30. e5 Rxe3 31. Qxe3 d5 32. Qa7 Qxe5 33. Qa8+ Kd7
34. Qa7+ Qc7 35. Qxa6 Ne4 36. Na4 Rg6 37. Qb5+ Qc6 38. Qxc6+ Kxc6 39. Rf3 Rg3
40. Rxf7 Kb5 41. Nc5 Nxc5 42. bxc5 Rxc3 43. Rxe7 Ra3 44. c6 Kxc6 45. Rh7 c3 46.
Rh8 Kc5 47. Kf2 Kd4 48. Ke1 Rxa2 49. Rxh6 Rxg2 50. Rc6 c2 51. Kf1 Rg3 52. h4
Rc3 53. Rf6 c1=Q+ 54. Kf2 Qe3+ 55. Kf1 Rc1+ 56. Kg2 Rg1+ 57. Kh2 Qg3# {
Hossa checkmated} 0-1

[Event "ICS rated blitz match"]
[Site "204.178.125.65"]
[Date "2001.10.06"]
[Round "?"]
[White "winner3"]
[Black "Hossa"]
[Result "1-0"]
[WhiteElo "2818"]
[BlackElo "2592"]
[PlyCount "100"]
[EventDate "2001.??.??"]

1. e4 c5 2. Nf3 d6 3. d4 cxd4 4. Nxd4 Nf6 5. Nc3 a6 6. Bc4 e6 7. Bb3 b5 8. O-O
Be7 9. f4 b4 10. Na4 O-O 11. e5 Ne4 12. Be3 Bb7 13. Qg4 dxe5 14. fxe5 Bg5 15.
Qe2 a5 16. Rad1 Ba6 17. Qf3 Bxf1 18. Kxf1 Bxe3 19. Qxe3 Ng5 20. h4 Nd7 21. hxg5
Qc7 22. Nf3 Rfd8 23. c3 bxc3 24. Qxc3 Qa7 25. Rd6 Rac8 26. Bc4 Nf8 27. Ra6 Qb7
28. Rxa5 Qe4 29. Nc5 Qb1+ 30. Kf2 Rb8 31. Bb3 Nd7 32. Nxd7 Rxd7 33. Rc5 Rdd8
34. Rc7 Ra8 35. a4 Rab8 36. a5 Qh1 37. a6 Ra8 38. a7 Qa1 39. Bc2 Kh8 40. Rxf7
Rdc8 41. Qd3 Qh1 42. Qe4 g6 43. Bd3 Kg8 44. Qf4 Qa1 45. Qf6 Qxa7+ 46. Rxa7 Rxa7
47. Qxe6+ Kg7 48. Qxc8 Rf7 49. e6 Re7 50. Ne5 Ra7 {Hossa resigns} 1-0

[Event "ICS rated blitz match"]
[Site "204.178.125.65"]
[Date "2001.10.06"]
[Round "?"]
[White "Hossa"]
[Black "werksma"]
[Result "1-0"]
[WhiteElo "2585"]
[BlackElo "2418"]
[PlyCount "47"]
[EventDate "2001.??.??"]

1. e4 Nc6 2. Nf3 e5 3. d4 exd4 4. Nxd4 d6 5. Nxc6 bxc6 6. Bc4 Nf6 7. e5 Nd7 8.
e6 fxe6 9. Bxe6 Nf6 10. Bxc8 Rxc8 11. O-O Be7 12. Qd4 O-O 13. Qxa7 Qd7 14. Qd4
d5 15. Nc3 c5 16. Qd3 c6 17. Bg5 h6 18. Bxh6 Ng4 19. Bc1 c4 20. Qg6 Rf6 21. Qh5
Nxf2 22. Be3 Ng4 23. Bd4 Rh6 24. Qf7+ {werksma resigns} 1-0

[Event "ICS rated blitz match"]
[Site "204.178.125.65"]
[Date "2001.10.06"]
[Round "?"]
[White "werksma"]
[Black "Hossa"]
[Result "0-1"]
[WhiteElo "2409"]
[BlackElo "2594"]
[PlyCount "54"]
[EventDate "2001.??.??"]

1. e4 d6 2. d4 Nf6 3. f3 g6 4. Be3 Bg7 5. Bd3 c5 6. c3 cxd4 7. cxd4 d5 8. e5
Nfd7 9. Nc3 Nc6 10. Nge2 O-O 11. O-O Ndxe5 12. dxe5 d4 13. Nxd4 Nxd4 14. f4 Nc6
15. Be4 Qxd1 16. Rfxd1 Bg4 17. Rd2 f6 18. exf6 Bxf6 19. h3 Be6 20. Nd5 Rac8 21.
Rad1 Bh4 22. g4 Kg7 23. b4 b5 24. Bc5 Bxd5 25. Rxd5 Rxf4 26. Bg2 Nxb4 27. Rd7
Rxc5 {werksma resigns} 0-1

[Event "ICS rated blitz match"]
[Site "204.178.125.65"]
[Date "2001.10.06"]
[Round "?"]
[White "Hossa"]
[Black "Bergmann"]
[Result "1-0"]
[WhiteElo "2602"]
[BlackElo "2083"]
[PlyCount "93"]
[EventDate "2001.??.??"]

1. e4 b6 2. d4 Bb7 3. Bd3 g6 4. Nf3 Bg7 5. O-O e6 6. Bf4 Ne7 7. Nbd2 d6 8. c3
Nd7 9. Qe2 h6 10. Nc4 O-O 11. b3 Kh7 12. a4 a6 13. a5 b5 14. Ne3 f5 15. exf5
Nxf5 16. Nxf5 exf5 17. b4 Re8 18. Qd1 Qf6 19. Be3 Kh8 20. Re1 g5 21. Bd2 g4 22.
Rxe8+ Rxe8 23. Ne1 h5 24. Bf4 Nf8 25. Qc2 Be4 26. Qd2 Ng6 27. Bg5 Qe6 28. Bh6
Qd5 29. Qg5 Kh7 30. Bxg7 Kxg7 31. g3 Rh8 32. Bxe4 Qxe4 33. Ng2 Re8 34. Nf4 Re6
35. d5 Rf6 36. Nxh5+ Kh7 37. Nxf6+ Kg7 38. Nxe4 fxe4 39. Qxg4 Kf6 40. Qxe4 Ne5
41. h3 Kg5 42. f4+ Kf6 43. fxe5+ dxe5 44. Rf1+ Ke7 45. Qxe5+ Kd7 46. Rf7+ Kc8
47. Qxc7# {Bergmann checkmated} 1-0

[Event "ICS rated standard match"]
[Site "204.178.125.65"]
[Date "2001.10.06"]
[Round "?"]
[White "Hossa"]
[Black "IronMaiden"]
[Result "1/2-1/2"]
[WhiteElo "2279"]
[BlackElo "2160"]
[PlyCount "187"]
[EventDate "2001.??.??"]

1. e4 e6 2. d4 d5 3. Nc3 Bb4 4. e5 Qd7 5. Bd2 b6 6. Qg4 f5 7. Qg5 Ba6 8. Bxa6
Nxa6 9. Qh5+ g6 10. Qe2 Nb8 11. Nf3 Nc6 12. O-O Bf8 13. Nb5 a6 14. Nc3 Nh6 15.
Bg5 Bg7 16. Qd2 Nf7 17. Bf6 O-O 18. Bxg7 Kxg7 19. h4 h6 20. Ne2 Rh8 21. Nf4 Ne7
22. a4 Ng8 23. h5 g5 24. Ng6 Rh7 25. a5 b5 26. Ne1 Nh8 27. Nd3 Nxg6 28. hxg6
Kxg6 29. Nc5 Qc6 30. Ra3 h5 31. Rg3 g4 32. Qf4 Nh6 33. Rc3 Qe8 34. Ra3 Nf7 35.
Qh2 Qe7 36. Re1 Ra7 37. Ree3 Nd8 38. b4 Nc6 39. c3 Ra8 40. Ra2 Nb8 41. Re1 Nd7
42. Nxd7 Qxd7 43. Qh4 Qe7 44. Qh2 Rg8 45. Re3 Qg5 46. Qh1 f4 47. Rd3 h4 48. f3
h3 49. fxg4 Qxg4 50. Rxh3 Rxh3 51. Qxh3 Qxh3 52. gxh3 Kf5+ 53. Rg2 Rh8 54. Rg7
Rxh3 55. Rxc7 Ke4 56. Rc6 Rh6 57. Rxa6 Ke3 58. Ra7 f3 59. Rf7 Rg6+ 60. Kf1 Rg8
61. a6 Rc8 62. a7 Rxc3 63. Kg1 Ra3 64. Kh2 Kxd4 65. Kg3 Kxe5 66. Re7 Kd6 67.
Rb7 e5 68. Rb6+ Kc7 69. Rxb5 Rxa7 70. Rxd5 Ra3 71. Rxe5 Rb3 72. Rf5 Kb6 73.
Rf6+ Kb5 74. Kg4 Kxb4 75. Rf4+ Ka3 76. Kf5 Kb2 77. Rg4 Kc2 78. Rf4 Kd2 79. Kg4
Ke2 80. Kg3 Re3 81. Rf5 Re8 82. Rb5 Rg8+ 83. Kh3 Rf8 84. Rb2+ Ke3 85. Rb3+ Ke2
86. Rb2+ Ke1 87. Rb1+ Kd2 88. Kg3 f2 89. Kg2 Kc2 90. Rf1 Kd3 91. Rc1 Kd2 92.
Ra1 f1=Q+ 93. Rxf1 Rxf1 94. Kxf1 {
Game drawn because neither player has mating material} 1/2-1/2

[Event "ICS rated standard match"]
[Site "204.178.125.65"]
[Date "2001.10.06"]
[Round "?"]
[White "diep"]
[Black "Hossa"]
[Result "1-0"]
[WhiteElo "2433"]
[BlackElo "2274"]
[PlyCount "132"]
[EventDate "2001.??.??"]

1. d4 f5 2. g3 Nf6 3. c4 e6 4. Bg2 Ne4 5. Nf3 Be7 6. O-O O-O 7. Nc3 Nxc3 8.
bxc3 d6 9. Bf4 Nc6 10. Rb1 Bf6 11. Qb3 e5 12. Be3 Na5 13. Qa4 c6 14. dxe5 dxe5
15. Rfd1 Qc7 16. Bc5 Rd8 17. Rxd8+ Bxd8 18. Rd1 e4 19. Bd6 Qb6 20. Nd4 Qa6 21.
Bb4 Qxc4 22. Nxc6 Nxc6 23. Rxd8+ Kf7 24. Rf8+ Kg6 25. e3 Qe2 26. Qb3 Nxb4 27.
Qf7+ Kh6 28. Rg8 Qd1+ 29. Bf1 Qd7 30. Qxd7 Bxd7 31. Rxa8 Nxa2 32. Rxa7 Nxc3 33.
Rxb7 Be8 34. Bc4 g5 35. Rc7 Na4 36. Be6 Bg6 37. g4 fxg4 38. Bxg4 Nb2 39. Kg2
Nd3 40. Kg3 Ne5 41. Be6 Nf3 42. Ra7 Nd2 43. Bg4 Nc4 44. Re7 Nd2 45. Be2 Nb1 46.
Rc7 Be8 47. Rc1 Nd2 48. Rd1 Nb3 49. Rd6+ Bg6 50. Bc4 Nc5 51. Bf7 Nb7 52. Ra6
Nc5 53. Rc6 Nd3 54. Bxg6 hxg6 55. Rc7 Ne1 56. Re7 Nd3 57. Rxe4 Kg7 58. Re7+ Kf6
59. Ra7 Ne5 60. e4 Ke6 61. f4 Nd3 62. Ra6+ Ke7 63. fxg5 Kf7 64. Rd6 Ne5 65. Kf4
Nc4 66. Rf6+ Kg7 {Hossa resigns} 1-0

[Event "ICS rated bullet match"]
[Site "204.178.125.65"]
[Date "2001.10.06"]
[Round "?"]
[White "PostModernist"]
[Black "Hossa"]
[Result "1-0"]
[WhiteElo "2393"]
[BlackElo "2383"]
[PlyCount "129"]
[EventDate "2001.??.??"]

1. c4 e5 2. g3 Nf6 3. Nc3 d5 4. cxd5 Nxd5 5. Bg2 Nb6 6. Nf3 Nc6 7. O-O Be7 8.
a3 O-O 9. b4 a6 10. d3 Bf5 11. Be3 Nc8 12. d4 exd4 13. Nxd4 Nxd4 14. Bxd4 c6
15. e3 Bf6 16. Qf3 Bxd4 17. Rad1 Qg5 18. Rxd4 a5 19. b5 Ne7 20. bxc6 bxc6 21.
h4 Qg6 22. Qf4 Be6 23. Rc1 Rfc8 24. g4 h5 25. Qd6 c5 26. Rdd1 Ra7 27. Qb6 Rd7
28. gxh5 Qg4 29. h6 Qxh4 30. Rxd7 Bxd7 31. hxg7 Kxg7 32. Qxa5 Bh3 33. Bxh3 Qxh3
34. Ne4 Rg8 35. Rxc5 f5 36. Ng3 Kf7 37. Qc7 Rc8 38. Qb6 Rg8 39. Qb3+ Kf8 40.
Qb8+ Kf7 41. Qf4 Rg4 42. Qc7 Ke8 43. Re5 Rg7 44. Qc8+ Kf7 45. Qe6+ Ke8 46. Rb5
Rxg3+ 47. fxg3 Qxg3+ 48. Kf1 Qf3+ 49. Ke1 Qg3+ 50. Kd1 Qf3+ 51. Kd2 Qf2+ 52.
Kc3 Qe1+ 53. Kb3 Qb1+ 54. Ka4 Qc2+ 55. Rb3 Qc7 56. Kb4 Kf8 57. a4 Kg7 58. Rc3
Qb7+ 59. Ka3 Kh7 60. Qf7+ Kh6 61. e4 fxe4 62. Rh3+ Kg5 63. Rg3+ Kh4 64. Qf4+
Kh5 65. Qg5# {Hossa checkmated} 1-0

[Event "ICS rated blitz match"]
[Site "204.178.125.65"]
[Date "2001.10.06"]
[Round "?"]
[White "Hossa"]
[Black "winner3"]
[Result "0-1"]
[WhiteElo "2604"]
[BlackElo "2813"]
[PlyCount "122"]
[EventDate "2001.??.??"]

1. d4 d5 2. f4 Nf6 3. Nd2 Bf5 4. e3 Nc6 5. Bb5 e6 6. Ngf3 a6 7. Bxc6+ bxc6 8.
Ne5 c5 9. g4 Bg6 10. c3 cxd4 11. Qa4+ Nd7 12. cxd4 Bd6 13. Nxg6 hxg6 14. Nf3 c5
15. Qc6 Ke7 16. Bd2 cxd4 17. Nxd4 Qb8 18. Qc3 Qb6 19. Rc1 Nc5 20. O-O Ne4 21.
Qc2 Rac8 22. Bc3 Nxc3 23. bxc3 e5 24. fxe5 Bxe5 25. Rf2 Rh4 26. Qe2 Rch8 27.
Qf3 Bxh2+ 28. Kf1 f6 29. Qxd5 Bg3 30. Qe4+ Kf8 31. Rfc2 Rh1+ 32. Kg2 R1h2+ 33.
Kf3 Be5 34. Qa8+ Ke7 35. Qd5 R8h3+ 36. Ke4 Rxc2 37. Rxc2 Rg3 38. Nc6+ Kf8 39.
Nd4 Rxg4+ 40. Kd3 Rh4 41. Nc6 Rh3 42. Nd4 Qd6 43. Qa8+ Qb8 44. Qxa6 Rh1 45. Qe6
Rb1 46. a4 Rb6 47. Qh3 Qb7 48. Qh8+ Kf7 49. Nb5 Qd7+ 50. Ke2 Qg4+ 51. Kd3 Qd1+
52. Rd2 Qxa4 53. Nd4 Bxd4 54. exd4 Qb5+ 55. c4 Qb1+ 56. Ke2 Re6+ 57. Kf3 Qe4+
58. Kg3 Qe3+ 59. Kh2 Qxd2+ 60. Kh3 Re3+ 61. Kh4 Qxd4# {Hossa checkmated} 0-1

[Event "ICS rated blitz match"]
[Site "204.178.125.65"]
[Date "2001.10.06"]
[Round "?"]
[White "Sjeng"]
[Black "Hossa"]
[Result "1-0"]
[WhiteElo "2543"]
[BlackElo "2597"]
[PlyCount "114"]
[EventDate "2001.??.??"]

1. d4 Nf6 2. Nf3 e6 3. c4 d5 4. Nc3 Be7 5. Bf4 c5 6. dxc5 Bxc5 7. e3 O-O 8. a3
Nc6 9. Qc2 Qe7 10. cxd5 exd5 11. b4 Nd4 12. Nxd4 Bxd4 13. Bd3 Bg4 14. O-O Be5
15. Bxe5 Qxe5 16. Rac1 Rac8 17. Qd2 Bd7 18. Ne2 Ng4 19. Ng3 Qf6 20. Rxc8 Rxc8
21. Be2 Qe5 22. Bxg4 Bxg4 23. h3 Be6 24. Ne2 Qh5 25. Rd1 Qg5 26. Nf4 Rd8 27. e4
d4 28. Nd5 Qh5 29. Qxd4 Kh8 30. Re1 b6 31. Rd1 f6 32. a4 Qe2 33. Rc1 Rd6 34. b5
Rd8 35. Rc7 Bxd5 36. exd5 a6 37. bxa6 Qxa6 38. d6 Qa8 39. d7 h6 40. Qc4 Rxd7
41. Rxd7 Qe8 42. Qf7 Qxf7 43. Rxf7 Kg8 44. Rb7 Kf8 45. Rxb6 Ke7 46. a5 Kd7 47.
a6 Kc7 48. Rb7+ Kc8 49. Rxg7 Kb8 50. a7+ Ka8 51. g4 f5 52. gxf5 h5 53. f6 h4
54. f7 Kb7 55. f8=Q+ Kc6 56. a8=Q+ Kb5 57. Qaa3 Kc6 {Hossa resigns} 1-0

[Event "ICS rated standard match"]
[Site "204.178.125.65"]
[Date "2001.10.06"]
[Round "?"]
[White "ChesterX"]
[Black "Hossa"]
[Result "1-0"]
[WhiteElo "2471"]
[BlackElo "2265"]
[PlyCount "124"]
[EventDate "2001.??.??"]

1. e4 c5 2. Nf3 d6 3. d4 cxd4 4. Nxd4 Nf6 5. Nc3 a6 6. f4 e6 7. Be2 Be7 8. a4
O-O 9. O-O d5 10. e5 Ne4 11. Qd3 f5 12. exf6 Bxf6 13. Be3 Nxc3 14. Qxc3 Qe7 15.
Bg4 Nc6 16. Nxc6 bxc6 17. Qc5 Qc7 18. c3 Rb8 19. b4 Rf7 20. Bd4 Bxd4+ 21. Qxd4
a5 22. Qc5 axb4 23. cxb4 Qb6 24. a5 Qxc5+ 25. bxc5 Rb5 26. Be2 Rb2 27. Bd3 Rd2
28. Ra3 h6 29. g3 g5 30. fxg5 hxg5 31. Rxf7 Kxf7 32. Bf1 Rb2 33. a6 Rb8 34. a7
Ra8 35. Bh3 Bb7 36. Kf2 Kf6 37. Ke3 Ke5 38. Bg4 d4+ 39. Kd3 Kd5 40. Ra5 e5 41.
Bf3+ Ke6 42. Ke4 Kf6 43. Bg4 Rd8 44. Ra3 Ra8 45. Ra2 d3 46. Kxd3 Rd8+ 47. Ke3
Rd4 48. Rf2+ Ke7 49. Rb2 Ba8 50. Rb8 Rxg4 51. Rxa8 Ra4 52. Rg8 Kf6 53. a8=Q
Rxa8 54. Rxa8 g4 55. Ra7 Kf5 56. Rc7 Ke6 57. Ke4 Kf6 58. Rxc6+ Kf7 59. Kxe5 Kg7
60. Rd6 Kf7 61. c6 Kg7 62. c7 Kf7 {Hossa resigns} 1-0